| 000 | 00887cam a22002895a 4500 | ||
|---|---|---|---|
| 001 | 016773511 | ||
| 003 | OSt | ||
| 005 | 20161208134511.0 | ||
| 008 | 150608t2015 enka fr 001 0 eng d | ||
| 020 | _a9781292058825 | ||
| 020 | _a129205882X | ||
| 040 |
_aStDuBDS _beng _cStDuBDS _dEG-ScBUE |
||
| 082 | 0 | 4 |
_222 _a168 _bINC |
| 100 | 1 | _aInch, Edward S. | |
| 245 | 1 | 0 |
_aCritical thinking and communication : _bthe use of reason in argument / _cEdward S. Inch, Kristen H. Tudor. |
| 250 | _a7th ed., Global ed. | ||
| 260 |
_aHarlow : _bPearson Education Limited, _cc.2015. |
||
| 300 |
_a408 p. : _bill. ; _c24 cm. |
||
| 500 | _aIncludes index. | ||
| 650 | 7 |
_aReasoning. _2BUEsh _913976 |
|
| 650 | 7 |
_aCritical thinking. _2BUEsh _920326 |
|
| 650 | 7 |
_aCommunication. _2BUEsh _913476 |
|
| 651 | _2BUEsh | ||
| 653 |
_bEEENG _bGGEN _cDecember2016 |
||
| 700 | 1 | _aTudor, Kristen H. | |
| 942 | _2ddc | ||
| 999 |
_c23527 _d23499 |
||